[Event "XXXV Abierto Ciudad de Sevilla"]
[Site "?"]
[Date "2010.01.12"]
[Round "5"]
[White "Barrios Muñoz, Rafael"]
[Black "Ivanov, Jordan"]
[Result "0-1"]
[WhiteElo "2152"]
[BlackElo "2409"]
[PlyCount "104"]
[EventDate "2010.01.08"]
[SourceDate "2010.01.08"]

1. e4 c5 2. Nf3 e6 3. c4 Nc6 4. d4 cxd4 5. Nxd4 Nf6 6. Nxc6 bxc6 7. Nc3 e5 8.
Be3 d6 9. Be2 Be6 10. O-O Be7 11. Qa4 Qd7 12. Rfd1 O-O 13. Rd2 Qb7 14. Qd1 Rfd8
15. Bg5 Ne8 16. Bxe7 Qxe7 17. b4 Nf6 18. a4 a5 19. b5 Rac8 {Diagrama #} 20. Rb1
$2 (20. bxc6 Rxc6 21. Nd5 Bxd5 22. cxd5 Rc3 23. Bd3 Nd7 24. Rc2 Rxc2 25. Bxc2
$11) ({es mejor} 20. Rc1) 20... cxb5 21. Rxb5 (21. axb5 Bxc4 {
con presión en e4, b5 y la columna c}) 21... Bxc4 22. Bxc4 Rxc4 23. Nd5 Nxd5
24. Rbxd5 Qc7 $17 25. Qg4 Rxa4 26. h4 h5 27. Qf5 Qe7 28. g3 g6 29. Qg5 Qxg5 30.
hxg5 Rxe4 31. Rxa5 Rg4 32. Kh2 Kg7 33. f3 Rxg5 34. f4 Rf5 35. fxe5 Re8 36. Rxd6
Rexe5 37. Ra2 Re3 38. Rd7 Rff3 39. Rg2 Re1 40. Rc2 Rff1 41. Rdd2 Kh6 42. Ra2
Kg5 43. Ra5+ f5 44. Rda2 Rf3 45. Rc2 Re4 46. Ra6 Rg4 47. Rg2 Kh6 48. Rf6 Re3
49. Ra6 h4 50. gxh4 Rxg2+ 51. Kxg2 Kh5 52. Rf6 Re4 0-1

[Event "XXXV Abierto Ciudad de Sevilla"]
[Site "?"]
[Date "2010.01.12"]
[Round "5"]
[White "Lanzani, Mario"]
[Black "Morales Araujo, Francisco"]
[Result "1-0"]
[WhiteElo "2369"]
[BlackElo "2138"]
[PlyCount "77"]
[EventDate "2010.01.08"]
[SourceDate "2010.01.08"]

1. Nf3 f5 2. g3 Nf6 3. Bg2 d6 4. d4 g6 5. O-O Bg7 6. Nc3 c6 7. Qd3 O-O 8. e4
fxe4 9. Nxe4 Qc7 10. Bf4 Nd5 11. Bd2 Bf5 12. Nh4 e5 (12... Bxe4 $5 13. Qxe4 e5
14. dxe5 Bxe5) 13. dxe5 dxe5 (13... Bxe5 14. Nxf5 Rxf5 15. c4 $18) (13... Bxe4
14. Bxe4 Bxe5 15. Bxd5+ cxd5 16. Qxd5+ $16) 14. c4 {Diagrama #} Nf6 $6 (14...
Bxe4 $5 15. Qxe4 Nf6) 15. Nxf5 gxf5 16. Nc5 (16. Nd6 $1 e4 17. Qa3 Ng4 18. c5
$16) 16... e4 $6 (16... Rd8 17. Qe2 Qe7 $14) 17. Qb3 Rf7 18. Ne6 $16 Qe7 19.
Nxg7 Rxg7 20. f3 Na6 21. Qe3 Rd8 22. Bc3 Rd3 23. Qe2 Rxc3 24. bxc3 e3 (24...
Nc5) 25. f4 $18 Qc5 26. Rae1 Re7 27. h3 b5 28. Rf3 Ne4 29. Rxe3 Nxc3 30. Qd2
Ne4 31. Bxe4 fxe4 32. cxb5 cxb5 33. Rc1 Qb4 34. Qd5+ Kg7 35. Rc8 Qb1+ 36. Kf2
Qb2+ 37. Re2 e3+ 38. Kf3 Qf6 39. Rg8+ 1-0

[Event "XXXV Abierto Ciudad de Sevilla"]
[Site "?"]
[Date "2010.01.12"]
[Round "5"]
[White "Komljenovic, Davorin"]
[Black "Matamoros Franco, Carlos"]
[Result "1/2-1/2"]
[WhiteElo "2431"]
[BlackElo "2545"]
[PlyCount "83"]
[EventDate "2010.01.08"]
[SourceDate "2010.01.08"]

1. d4 Nf6 2. c4 g6 3. Nc3 Bg7 4. e4 d6 5. Nf3 O-O 6. Be2 e5 7. dxe5 dxe5 8.
Qxd8 Rxd8 9. Bg5 Re8 10. Nd5 Nxd5 11. cxd5 c6 12. Bc4 cxd5 13. Bxd5 Nd7 14. Nd2
Nc5 15. O-O ({es posible} 15. Be3 Nd3+ 16. Ke2 Nf4+ 17. Bxf4 exf4 18. Nc4) (15.
Ke2 Ne6 {1/2-1/2 Kuzmin,A-Yurtaev,L/Podolsk 1989}) 15... Be6 16. Rac1 ({
apartándose de} 16. Bxe6 Nxe6 17. Be3 Nd4 18. Rfd1 {
0-1 en 50, Voloshin,L-Shulman,Y/Czechia 1997}) (16. Be3 $6 Bxd5 17. Bxc5 Be6
18. Be3) 16... Rec8 17. Rfd1 Bxd5 18. exd5 f6 19. Be3 Nd3 20. Rxc8+ Rxc8 21. d6
Rd8 22. Ne4 f5 {Diagrama #} (22... Nxb2 23. Rc1 b6 24. Rc7 $11) 23. Rxd3 fxe4
24. Rc3 b6 25. Kf1 Bf8 26. Rc7 Rxd6 27. Rxa7 Rd1+ 28. Ke2 Rb1 29. b3 Rb2+ 30.
Kd1 Bc5 31. Kc1 Re2 32. Kd1 Rb2 33. Kc1 Re2 34. b4 Bxe3+ 35. fxe3 Rxe3 36. Kd2
Rd3+ 37. Ke2 b5 38. Ra5 Rc3 39. Kd2 Rd3+ 40. Ke2 Rc3 41. Kd2 Rd3+ 42. Ke2
1/2-1/2

[Event "XXXV Abierto Ciudad de Sevilla"]
[Site "?"]
[Date "2010.01.12"]
[Round "5"]
[White "Melero Fidalgo, Juan De Dios"]
[Black "Lalic, Bogdan"]
[Result "0-1"]
[WhiteElo "2162"]
[BlackElo "2494"]
[PlyCount "82"]
[EventDate "2010.01.08"]
[SourceDate "2010.01.08"]

1. d4 Nf6 2. c4 e6 3. Nf3 c5 4. e3 a6 5. Bd3 d5 6. O-O dxc4 7. Bxc4 b5 8. Bd3
Bb7 9. Qe2 Nbd7 10. a4 b4 11. Nbd2 cxd4 12. exd4 Be7 13. Nc4 O-O 14. a5 Qb8 15.
Rd1 Bd5 16. Nfe5 Nxe5 17. dxe5 Nd7 18. Bf4 Qb7 19. Ne3 Bc6 20. Qh5 g6 21. Qh3
Bb5 {Diagrama #} 22. Bxg6 $2 (22. Ng4 Rac8 $14) 22... hxg6 23. Qh6 Rfd8 24. h4
Nf8 (24... Be2 25. Rd2 Qb5 26. f3 Nf8 27. Rxd8 Rxd8 $19) 25. h5 gxh5 26. Bg5
Rxd1+ 27. Rxd1 Bxg5 28. Qxg5+ Ng6 29. Qxh5 Qe4 30. Ng4 Qxg2+ 31. Kxg2 Nf4+ 32.
Kg3 Nxh5+ 33. Kh4 Nf4 34. Kg5 Nd5 35. Nf6+ Kg7 36. Nxd5 exd5 37. Rxd5 Rc8 38.
Rd2 b3 39. f4 Rc2 40. Rd8 Rxb2 41. f5 Rg2+ 0-1

[Event "XXXV Abierto Ciudad de Sevilla"]
[Site "?"]
[Date "2010.01.12"]
[Round "5"]
[White "Fernandez Romero, Ernesto"]
[Black "Codenotti, Marco"]
[Result "1-0"]
[WhiteElo "2458"]
[BlackElo "2169"]
[PlyCount "61"]
[EventDate "2010.01.08"]
[SourceDate "2010.01.08"]

1. e4 c5 2. b3 Nf6 3. e5 Nd5 4. Bb2 g6 5. Qf3 Nb4 6. Na3 Bg7 7. h4 (7. e6 f6 8.
c3 N4c6 $11) 7... N8c6 8. e6 O-O 9. Bxg7 Kxg7 10. Qc3+ f6 11. exd7 Bxd7 12.
Qxc5 Qb6 $17 {a cambio del peón el negro tiene dos piezas más desarrolladas,
el 0-0 y la columna c} 13. Qc3 (13. d4 Nxd4 14. Qxb6 axb6 15. O-O-O e5 16. Kb2
Bf5 $17) 13... Nd4 14. Ne2 (14. Nf3) 14... e5 15. Nxd4 exd4 16. Qg3 Bf5 (16...
Qa5 $5 17. Nc4 Rae8+ 18. Kd1 Qf5 19. Bd3 Nxd3 20. cxd3 Re6 $15) 17. Bc4 $6 (17.
O-O-O Rac8 18. Kb2 Bxc2 19. Nc4 $17) 17... Qa5 $19 18. h5 {Diagrama #} (18. c3
Rae8+ 19. Kf1 Qxa3 20. cxb4 Qb2 $19) 18... Rac8 $2 ({ganaba} 18... Qxa3 19. h6+
Kh8 20. Qc7 Nxc2+ 21. Kf1 Rg8 $19) 19. hxg6 hxg6 20. Kf1 Qxa3 21. Qf4 Rh8 22.
Rxh8 Rxh8 23. Qc7+ Kh6 24. Qh2+ Kg7 25. Qc7+ Kh6 26. Ke2 {Diagrama #} Bg4+ $2 (
26... Na6 27. Rh1+ Kg5 28. f4+ (28. Qg3+ Bg4+ 29. f3 Qe7+ $19) 28... Kg4 29.
Qxb7 d3+ 30. Bxd3 Bxd3+ 31. cxd3 Rxh1 32. Qf3+ Kf5 33. Qd5+ $11) 27. f3 Re8+ (
27... Qb2 28. Rh1+ Bh5 29. g4 Re8+ 30. Kf2 Qxc2 31. Qf4+ Kg7 32. Kg3 $16) (
27... d3+ 28. Kf2 Nc6 29. fxg4 Qc5+ 30. Kg3 $18) 28. Kf2 Nxc2 $6 (28... Nc6 29.
Rh1+ Bh5 30. g4 Qa5 31. Qxa5 Nxa5 32. gxh5 Nxc4 33. hxg6+ Kxg6 34. bxc4 $16)
29. Rh1+ Bh5 30. Bd3 Nb4 $2 (30... f5 31. g4 $18) 31. Rxh5+ 1-0

[Event "XXXV Abierto Ciudad de Sevilla"]
[Site "?"]
[Date "2010.01.12"]
[Round "5"]
[White "Barrero Garcia, Carlos"]
[Black "Ferrer Garcia, Isaac"]
[Result "1-0"]
[WhiteElo "2421"]
[BlackElo "2161"]
[PlyCount "127"]
[EventDate "2010.01.08"]
[SourceDate "2010.01.08"]

1. e4 c5 2. Nf3 g6 3. d4 cxd4 4. Nxd4 Nc6 5. Nc3 Bg7 6. Nb3 Nf6 7. Be2 O-O 8.
O-O d6 9. Re1 Be6 10. Bg5 Re8 11. Bf1 Rc8 12. Nd5 Bxd5 13. exd5 Ne5 14. Bb5
Ned7 15. c3 a6 16. Be2 Nb6 17. Bf3 Nc4 18. Bc1 Qb6 19. a4 $2 {Diagrama #} Na5
$6 {?por qué cambiar este excelente caballo que dificulta el desarrollo del
flanco de dama?} 20. Nxa5 Qxa5 21. Qb3 $14 Nd7 22. Be3 Qc7 23. a5 Ne5 24. Be2
Nc4 25. Ba7 Ra8 ({a considerar} 25... Nxb2 26. Qxb2 Bxc3 27. Qc1 Bxa1 28. Qxa1
Qc3 29. Qxc3 Rxc3 30. Bg4 h5 31. Bd7 Rd8 32. Ba4 Rdc8 $14) 26. Bd4 Nd2 (26...
Bxd4 27. cxd4 Nxa5 28. Qa4 b6 29. Bxa6) 27. Qb6 Qxb6 28. Bxb6 Rac8 29. Ra4 $16
({omitiendo} 29. Bg4 f5 30. Bd1 Nc4 31. Ba4 $18) 29... Nb3 30. Bg4 f5 31. Bf3
Nc5 32. Rc4 Kf8 33. Rh4 Kg8 34. Rd1 Bf6 35. Rb4 Nd7 36. Be3 Rc7 37. Ra1 Nc5 38.
g3 Rec8 (38... Nd3) 39. Be2 Kf7 40. g4 Ne4 (40... e6) 41. Bb6 $18 Rd7 42. gxf5
gxf5 43. Bh5+ Kg7 44. Rxe4 fxe4 45. Bg4 Rdc7 46. Re1 Rc4 47. Bxc8 Rxc8 48. Rxe4
Kf7 49. f3 Be5 50. Rh4 Kg6 51. Kf2 Re8 52. Be3 Rc8 53. Ke2 Bf6 54. Rb4 Rc7 55.
Kd3 e6 56. dxe6 Kf5 57. Re4 d5 58. Rb4 Kxe6 59. Rb6+ Ke7 60. f4 Rd7 61. f5 Kf7
62. Bd4 Bd8 63. Rh6 Bxa5 64. Rxh7+ 1-0

[Event "XXXV Abierto Ciudad de Sevilla"]
[Site "?"]
[Date "2010.01.12"]
[Round "5"]
[White "Perera Casiñas, Antonio"]
[Black "Diogo, Vasco"]
[Result "0-1"]
[WhiteElo "2076"]
[BlackElo "2303"]
[PlyCount "88"]
[EventDate "2010.01.08"]
[SourceDate "2010.01.08"]

1. d4 d5 2. c4 c6 3. Nf3 Nf6 4. Nc3 a6 5. Ne5 dxc4 6. Nxc4 b5 7. Ne5 e6 8. g3
c5 9. Bg2 Ra7 10. Be3 Bd6 11. O-O O-O 12. a4 b4 13. Ne4 Nd5 14. Qd2 Rc7 15.
Nxc5 Rxc5 16. Nxf7 Rxf7 17. dxc5 Be5 18. Rad1 Nc6 {Diagrama #} 19. Bxd5 $6 (19.
f4 Bf6 20. Bf2 $16) 19... exd5 20. Qxd5 Qxd5 21. Rxd5 Bxb2 $15 22. Rfd1 Be5 23.
f4 Bc7 24. Bc1 Re7 25. Kf2 Be6 26. R5d3 Bf5 27. Re3 Be4 28. Bb2 Kf7 29. Rc1 g6
30. Rc4 Bd5 31. Rxe7+ Kxe7 32. Rc1 Bb3 33. Ra1 Bb8 34. Bc1 (34. Ke3) 34... Ba7
$19 35. Be3 Bc2 36. Bc1 Bxc5+ 37. e3 b3 38. Ke2 Na5 39. Kd2 Bb4+ 40. Ke2 Nc4
41. a5 Kd6 42. Kf3 Kc5 43. e4 Bc3 44. Ra4 Kb5 0-1

[Event "XXXV Abierto Ciudad de Sevilla"]
[Site "?"]
[Date "2010.01.12"]
[Round "5"]
[White "Vazquez Igarza, Renier"]
[Black "Rizouk, Aimen"]
[Result "1-0"]
[WhiteElo "2560"]
[BlackElo "2532"]
[PlyCount "83"]
[EventDate "2010.01.08"]
[SourceDate "2010.01.08"]

1. Nf3 Nf6 2. c4 e6 3. Nc3 d5 4. d4 Bb4 5. Bg5 h6 6. Bxf6 Qxf6 7. e3 O-O 8. Rc1
c6 9. a3 Bxc3+ 10. Rxc3 Nd7 11. cxd5 exd5 12. Bd3 Nb6 13. Qc2 Be6 14. O-O Nc8
15. Ne5 Nd6 16. b4 Rfc8 ({apartándose de} 16... Rfe8 17. a4 a5 18. Qb3 Rec8 19.
b5 cxb5 20. Rxc8+ Rxc8 21. Bxb5 Qe7 22. h3 Qc7 23. Rb1 Qc3 24. Bd7 Qxb3 25.
Rxb3 Rc1+ 26. Kh2 Bxd7 27. Nxd7 Ne4 28. Rb2 h5 29. f3 Nd6 30. Nb6 h4 31. g4 Nc4
32. Nxc4 dxc4 33. Rxb7 Re1 34. Rc7 Rxe3 35. Rxc4 Rxf3 36. Rc8+ Kh7 37. Rc5 Rd3
38. Rxa5 Rd2+ 39. Kg1 Rxd4 40. Rh5+ Kg6 41. a5 {
1/2-1/2 Davidovic,A-Kovacevic,V/Zlatibor 1989}) 17. Rc1 a6 18. a4 a5 19. Qb1
Qd8 20. Rc5 axb4 21. Qxb4 Ra7 22. a5 f6 {una debilitación que no era obligada}
23. Ng6 Bf7 24. Nh4 Qd7 25. h3 g5 26. Nf3 Kg7 27. Nd2 Rca8 28. a6 Be8 $6 (28...
b5 29. Rxc6 Nc4 30. Rc5 (30. Qxb5 Nxd2) 30... Rxa6 $16) 29. Nb3 $16 Qd8 30.
R5c2 Rb8 (30... bxa6 31. Nc5 a5 32. Qb1 Qe7 33. Rb2) 31. Nc5 $18 Kf7 32. axb7
Nxb7 33. Na6 Rba8 34. g4 Kg7 {Diagrama #} 35. Rxc6 $6 (35. Qb1) 35... Bxc6 36.
Rxc6 Na5 37. Rb6 $6 (37. Rd6 Qe7 38. Rxd5) 37... Nc4 38. Rb7+ (38. Bxc4 dxc4
39. Nc5 Kh8) 38... Kg8 (38... Kh8) 39. Nc7 $2 (39. Rxa7 Rxa7 40. Bxc4 dxc4 41.
Qxc4+ Kf8 42. Nc5) 39... Rxb7 $2 (39... Ra4 40. Qc5 R4a5 41. Qc6 Qd6) 40. Qxb7
$18 Rb8 41. Qc6 (41. Qxd5+ Qxd5 42. Nxd5) 41... Rb6 $2 42. Qxd5+ 1-0

[Event "XXXV Abierto Ciudad de Sevilla"]
[Site "?"]
[Date "2010.01.12"]
[Round "5"]
[White "Scharrer, Patrick"]
[Black "Coimbra, Margarida"]
[Result "0-1"]
[WhiteElo "2289"]
[BlackElo "2109"]
[PlyCount "94"]
[EventDate "2010.01.08"]
[SourceDate "2010.01.08"]

1. e4 e5 2. Nf3 Nc6 3. Bc4 Bc5 4. O-O Nf6 5. d4 exd4 6. e5 d5 7. exf6 dxc4 8.
fxg7 Rg8 9. Re1+ Be6 10. Bg5 Be7 11. Bxe7 Kxe7 12. Re4 {otras posibilidades son
} (12. Nbd2 Qd5 13. b3 cxb3 14. Nxb3 Rad8 15. Qe2 d3 16. cxd3 Rxg7 17. d4 Kf8
18. Rac1 Rg6 19. Rc3 a5 20. Qd2 a4 21. Nc5 Nxd4 22. Nxe6+ Rxe6 23. Nxd4 Qxd4
24. Qc1 Rxe1+ 25. Qxe1 Qxc3 {0-1 Mieses,J-Teichmann,R/St Petersburg 1909}) (12.
Na3) 12... Rxg7 $6 (12... Qd5 13. Nc3 Qh5 14. Nxd4 Qxd1+ 15. Rxd1 Nxd4 16.
Rdxd4 Kf6 17. Nd5+ Bxd5 18. Rxd5 Rae8 19. Rxe8 Rxe8 20. Kf1 Kxg7 $16 21. Rc5 c6
22. Rxc4 Rd8 23. Ke2 Re8+ 24. Kf3 Re1 25. a3 a5 26. h4 Rb1 27. b3 Ra1 28. a4 b5
29. axb5 cxb5 30. Rc5 b4 {1/2-1/2 Hauge,T-Albano,M/Teeside 1974/EXT 2001}) 13.
Nxd4 $16 Nxd4 14. Rxd4 Qg8 (14... Qe8) 15. Qf3 Rg4 16. Rd2 c6 17. Nc3 $14 Rd8
18. Rxd8 (18. Re2) 18... Qxd8 19. Rd1 Rd4 20. Re1 Kd7 21. Ne4 Kc8 22. h3 Qd5
23. c3 Rd3 24. Qf4 a6 25. Kh2 b5 26. Qf6 Qf5 27. Qe7 Qe5+ 28. g3 {Diagrama #}
f5 $2 29. f4 $2 (29. Nc5 Qxe1 30. Qe8+ Kc7 31. Nxe6+ $18) 29... Qd5 30. Nf2 Rd2
31. Kg1 Bd7 32. g4 $2 (32. Re2) 32... Qf3 33. Qe3 Qxe3 34. Rxe3 Rxb2 35. g5 Kd8
36. h4 Be8 37. Re5 Bg6 38. Nh1 Rxa2 39. Ng3 Ra5 40. h5 Bxh5 41. Nxh5 b4 42. Re1
b3 43. Rb1 Ra2 44. Ng3 b2 45. Nf1 a5 46. Rd1+ Ke7 47. Rd2 b1=Q 0-1

[Event "XXXV Abierto Ciudad de Sevilla"]
[Site "?"]
[Date "2010.01.12"]
[Round "5"]
[White "Sgnaolin, Davide"]
[Black "Gutierrez Valero, Mario"]
[Result "1-0"]
[WhiteElo "2220"]
[BlackElo "2079"]
[PlyCount "113"]
[EventDate "2010.01.08"]
[SourceDate "2010.01.08"]

1. e4 c5 2. c3 d5 3. exd5 Qxd5 4. d4 Nc6 5. Nf3 Bg4 6. Be2 cxd4 7. cxd4 e6 8.
Nc3 Bb4 9. h3 Bh5 10. O-O Qa5 11. Ne5 Bxe2 12. Nxe2 Nxe5 13. dxe5 Qxe5 14. Qa4+
b5 15. Qxb4 Qxe2 16. a4 a5 17. Qxb5+ Qxb5 18. axb5 Nf6 19. Bd2 Kd7 20. Bxa5
Rhb8 21. Bc3 Rxa1 22. Rxa1 Rxb5 23. Bxf6 gxf6 24. Rd1+ Kc6 25. Rd2 Rb7 26. Kf1
Kc5 27. Ke2 Kc4 28. Kf3 {Diagrama #} Kb3 (28... f5 29. Kf4 f6 30. Rd6 Re7 31.
Rb6 Kd5) 29. Kg4 Ka2 30. Kh5 f5 (30... Kb1 31. Kh6 Kc1 32. Rd3 Rxb2 33. Rf3 Kd2
34. Kxh7 Ke1 35. h4 Rxf2 36. h5 e5 37. Kg7 Rxg2+ 38. Kxf6 Kd2 39. Kxe5 Rh2 40.
Rf5 Ke3 41. Kf6 Ke4 42. Rb5 Rf2+ 43. Kg7 f5 44. h6 Rg2+ 45. Kf6 Rh2 46. Rb4+
Ke3 47. Kg7 Rg2+) 31. Kh6 f6 $2 (31... Kb1 32. Kxh7 Kc1 33. Rd3 Rxb2 34. Rf3
Kd2 35. h4 Rb4 36. g3 $16) 32. b4+ Kb3 33. Rd6 Re7 34. b5 Kc4 35. b6 Kc5 36. b7
Rxb7 37. Rxe6 Rf7 38. Re3 Kd4 39. Rg3 f4 40. Rg8 Kd3 41. Re8 Kd4 42. f3 f5 43.
Kg5 Rg7+ 44. Kxf4 Rxg2 45. Rd8+ Kc5 46. Rd7 Rg1 47. Rxh7 Kd6 48. Kxf5 Rg3 49.
f4 Rg1 50. Kf6 Rf1 51. Kf5 Rg1 52. h4 Rg8 53. h5 Rf8+ 54. Kg5 Rg8+ 55. Kf6 Rf8+
56. Rf7 Rh8 57. Kg6 1-0

[Event "XXXV Abierto Ciudad de Sevilla"]
[Site "?"]
[Date "2010.01.12"]
[Round "5"]
[White "Guerreiro Ricardo, Nuno"]
[Black "Fernandez Troncoso, Francisco"]
[Result "1-0"]
[WhiteElo "2076"]
[BlackElo "2213"]
[PlyCount "89"]
[EventDate "2010.01.08"]
[SourceDate "2010.01.08"]

1. d4 Nf6 2. Nf3 g6 3. Bf4 Bg7 4. e3 d6 5. Be2 O-O 6. h3 Nc6 7. c4 Nd7 8. Nc3
e5 9. Bh2 f5 10. Nd5 g5 11. g4 Nb6 12. Rg1 fxg4 13. hxg4 exd4 14. exd4 Nxd5 15.
cxd5 {Diagrama #} Rxf3 $2 16. Bxf3 Nxd4 17. Be4 Bd7 18. Kf1 Qe7 19. Qe1 Re8 20.
f3 Qf6 21. Qf2 Rf8 (21... h5) 22. Rg3 Bb5+ 23. Kg2 Ne2 24. Rh3 h6 25. Rb1 Qe7
26. Rd1 Nf4+ 27. Bxf4 Rxf4 28. Re1 $16 Qf6 29. Rc1 Qe7 30. Qc2 Bd7 31. Re1 Qf7
32. Qxc7 $2 Bxb2 33. Qxd6 Bxg4 34. Rg3 Bd7 35. Qxh6 Bf6 36. Rh1 Qg7 37. Qxg7+
Bxg7 38. Rxg5 Rf7 39. d6 Be6 40. a4 Rd7 41. Rh7 Kf8 42. f4 Bg8 43. Rhxg7 Rxg7
44. Rxg7 Kxg7 45. d7 1-0

[Event "XXXV Abierto Ciudad de Sevilla"]
[Site "?"]
[Date "2010.01.12"]
[Round "5"]
[White "Rivas Pastor, Manuel"]
[Black "Burmakin, Vladimir"]
[Result "0-1"]
[WhiteElo "2531"]
[BlackElo "2590"]
[PlyCount "52"]
[EventDate "2010.01.08"]
[SourceDate "2010.01.08"]

1. e4 c6 2. d4 d5 3. Nd2 g6 4. e5 Bg7 5. Bd3 c5 6. c3 Nc6 7. Ne2 Nh6 8. h3 cxd4
9. cxd4 f6 10. exf6 exf6 11. O-O O-O 12. Re1 Nf7 13. Nb3 f5 14. Bf4 a5 15. a4
g5 16. Bh2 (16. Bd2) 16... f4 17. Nc3 Nb4 18. Bb1 (18. Rc1 $5) 18... Ra6 $17
19. Nc5 Rh6 20. Nd3 Nc6 21. Ba2 Nxd4 22. Bxd5 Rd6 23. Be4 Bf5 24. Rb1 Bxe4 25.
Nxe4 Rc6 26. Rc1 f3 {Diagrama # ilegible} 0-1

[Event "XXXV Abierto Ciudad de Sevilla"]
[Site "?"]
[Date "2010.01.12"]
[Round "5"]
[White "Korneev, Oleg"]
[Black "Campora Sivori, Daniel"]
[Result "1/2-1/2"]
[WhiteElo "2573"]
[BlackElo "2483"]
[PlyCount "59"]
[EventDate "2010.01.08"]
[SourceDate "2010.01.08"]

1. e4 e5 2. Nf3 Nc6 3. Bc4 Bc5 4. c3 Nf6 5. d3 a6 6. O-O Ba7 7. Nbd2 d6 8. Bb3
O-O 9. h3 Ne7 10. Re1 Ng6 11. Nf1 Be6 12. Ng3 h6 13. d4 Re8 14. Bc2 c6 15. Be3
Qc7 16. Qd2 Rad8 17. Rad1 d5 18. Nxe5 $14 Nxe5 19. Bf4 Nxe4 (19... Bxh3 20.
exd5 $1 (20. Bxe5 Rxe5 21. dxe5 Qxe5 $11) 20... Nf3+ 21. gxf3 Qd7 22. Qd3 $18)
20. Bxe4 (20. Nxe4 dxe4 21. Bxe5 $16) 20... dxe4 21. Bxe5 Qe7 (21... Qxe5 22.
dxe5 Rxd2 23. Rxd2 e3 24. fxe3 Bxa2 25. Rd7 Rxe5 26. Rxb7 Bxe3+ 27. Kh1 $14)
22. Nh5 $18 f6 23. Bxf6 gxf6 24. Qxh6 Bf5 25. Nxf6+ $6 (25. g4 $18) 25... Kf7
26. Nxe8 Rxe8 27. Qf4 (27. g4 Bg6 28. f4 $18) 27... Qf6 28. g4 Bg6 29. Qxf6+
Kxf6 30. a4 {Diagrama #} 1/2-1/2

[Event "XXXV Abierto Ciudad de Sevilla"]
[Site "?"]
[Date "2010.01.12"]
[Round "5"]
[White "Berbatov, Kiprian"]
[Black "Hickl, Joerg"]
[Result "0-1"]
[WhiteElo "2455"]
[BlackElo "2572"]
[PlyCount "148"]
[EventDate "2010.01.08"]
[SourceDate "2010.01.08"]

1. e4 d6 2. d4 Nf6 3. Nc3 e5 4. Nf3 exd4 5. Nxd4 Be7 6. Bf4 O-O 7. Qd2 Nc6 8.
O-O-O Nxd4 9. Qxd4 Be6 10. f3 a6 11. g4 Nd7 12. Kb1 b5 13. h4 Bf6 14. Qd2 Nb6
15. g5 Be5 16. Be3 b4 17. Nd5 Bxd5 18. exd5 Na4 19. Bd4 Bxd4 20. Qxd4 Qb8 21.
h5 Qb6 22. h6 (22. Rh4) 22... Qxd4 23. Rxd4 Rfe8 24. Bh3 Re3 25. Rxb4 Rae8 26.
Rd1 (26. a3) 26... Nb6 27. a4 a5 28. Rf4 (28. Rb5 Rxf3 29. Bf1 Rf5) 28... R8e5
29. Rf5 Re1 30. Rxe1 Rxe1+ 31. Ka2 Nxa4 32. hxg7 Nb6 33. Bg4 Rh1 34. Kb3 Kxg7
35. c4 Rh2 36. Rf4 h6 37. gxh6+ Rxh6 38. Re4 Kf8 39. Ka3 Rh1 40. b4 a4 {
Diagrama #} 41. Rd4 $2 (41. Kb2) 41... Rc1 $17 42. c5 dxc5 43. bxc5 Rxc5 44.
Kb4 Rxd5 45. Rxd5 Nxd5+ 46. Kxa4 Ke7 47. Kb5 Kd6 48. Bh5 f6 49. Kc4 c5 50. Bf7
Nb6+ 51. Kb5 Nd7 52. f4 Nf8 53. Kc4 Ne6 54. f5 Nd4 55. Bg6 Nf3 56. Bh7 Kc6 57.
Bg8 Ne5+ 58. Kc3 Kb5 59. Be6 Kc6 60. Bg8 Nd7 61. Kc4 Nb6+ 62. Kc3 Kb5 63. Ba2
Na4+ 64. Kd3 Kb4 65. Bf7 Nb2+ 66. Kc2 Nc4 67. Be6 Nb6 68. Kd3 c4+ 69. Kd4 c3
70. Kd3 Na4 71. Kc2 Nc5 72. Bd5 Nd7 73. Kd3 Ne5+ 74. Kc2 Kc5 0-1

[Event "XXXV Abierto Ciudad de Sevilla"]
[Site "?"]
[Date "2010.01.13"]
[Round "6"]
[White "Starostits, Ilmars"]
[Black "Hamdouchi, Hicham"]
[Result "0-1"]
[WhiteElo "2471"]
[BlackElo "2601"]
[PlyCount "52"]
[EventDate "2010.01.06"]
[SourceDate "2010.01.08"]

{Comentarios de Hamdouchi para el Premio de Belleza} 1. e4 d5 {Normalmente
juego 1...c5 pero vi que mi oponente juega bien la cerrada con 2.Cc3 y 3.g3} 2.
exd5 Qxd5 3. Nc3 Qa5 4. d4 Nf6 5. Nf3 c6 6. Bd2 Bf5 7. Ne4 (7. Bc4 e6 8. Nd5
Qd8 9. Nxf6+ {es la variante principal pero Starostits tenía otra idea}) 7...
Qb6 {Desde b6 la Dama presiona b2 y d4} 8. Nxf6+ gxf6 9. b4 {Un fuerte GM que
juega esta posición con blancas es Oleg Korneev. La idea es atacar en el
flanco de dama si las negras juegan 0-0-0} Rg8 {Al parecer una novedad. Se
jugaron 9...e6, 9...e5 o 9...Cd7. Mi idea es impedir el desarrollo del Af1 a
la activa casilla c4} 10. Rb1 (10. Be2 Nd7 11. c3 O-O-O 12. O-O Bh3 13. Nh4 e5
14. Be3 Qc7 15. Kh1 {resolvería el problema del desarrollo blanco}) (10. Bc4
Rxg2 $1 11. Nh4 Qxd4 12. Nxg2 (12. Bxf7+ Kxf7 13. Nxg2 Bg4 14. f3 (14. Qc1 Qe4+
15. Kf1 Bf3 $19) 14... Bxf3) 12... Qxc4 $17) (10. Nh4 Bxc2 11. Qxc2 Qxd4 12.
O-O-O Qxh4) 10... Nd7 11. Rb3 {
Para jugar c4 pero el Rey blanco se queda en el centro. Quizás es mejor} (11.
Be2 {para jugar 0-0 ya que} Rxg2 {no vale por} 12. Nh4 Rxf2 13. Kxf2 Qxd4+ 14.
Kg3 $1 {!y no pasa nada!}) 11... e5 12. Be3 Qc7 13. dxe5 {
retrasando el desarrollo} Be6 $1 {Obliga a las blancas a debilitarse más.} 14.
c4 (14. Rd3 Bxb4+ 15. c3 Ba5 $17) 14... O-O-O {amenazando Cc5} 15. Qc2 Nxe5 16.
Nxe5 (16. Nd4 Ng4 $1 17. Nxe6 fxe6 18. Qe4 Qd7 $17) 16... Qxe5 $17 {Diagrama #
Las negras disponen de mucha actividad y tienen muchas ideas como Ah6, Af5 o
f5-f4} 17. f4 Bxb4+ $1 $19 {ganando un peón} 18. Kf2 (18. Rxb4 Qxe3+) 18... Qa5
19. Rxb4 ({No vale} 19. Qb2 Bc5 20. Rxb7 Rd2+) 19... Qxb4 {
Calidad y peón de más} 20. Be2 {durante la partida pensé que} (20. f5 {
era la única manera de seguir luchando pero no hay compensación adecuada, por
ejemplo} Bd7 21. Bd3 Qd6 22. g3 c5 23. Bf4 Qd4+ 24. Be3 Ba4 $1 $19) 20... Qa5
$1 {controlando la importante casilla f5} 21. Qxh7 {
pierde fácilmente pero es difícil aconsejar a las blancas} (21. Bf3 Bg4 $1) (
21. Rb1 Bf5) 21... Qxa2 {con doble amenaza.La primera es Axc4...} 22. Rc1 Rxg2+
$1 {esta era la segunda} 23. Kxg2 Qxe2+ 24. Bf2 Qg4+ 25. Kh1 (25. Kf1 Bxc4+ 26.
Rxc4 Rd1+ 27. Be1 Qf3+ 28. Kg1 Rxe1#) (25. Bg3 Rd2+ 26. Kg1 Qf3 27. Qh8+ Kd7)
25... Bxc4 26. Bg3 Rd1+ (26... Rd1+ 27. Rxd1 Qxd1+ 28. Kg2 Qf1#) 0-1

[Event "XXXV Abierto Ciudad de Sevilla"]
[Site "?"]
[Date "2010.01.13"]
[Round "6"]
[White "Teran Alvarez, Ismael"]
[Black "Korneev, Oleg"]
[Result "1/2-1/2"]
[WhiteElo "2425"]
[BlackElo "2573"]
[PlyCount "52"]
[EventDate "2010.01.06"]
[SourceDate "2010.01.08"]

1. e4 c5 2. Nf3 e6 3. d4 cxd4 4. Nxd4 Nc6 5. Nc3 Qc7 6. Be2 a6 7. O-O Nf6 8.
Be3 Be7 9. f4 d6 10. a4 O-O 11. Bf3 Re8 12. Qd2 Nxd4 13. Bxd4 e5 14. Be3 exf4 (
14... Bd7 15. a5 exf4 16. Bxf4 Rac8 17. Rfd1 Qc5+ {
1/2-1/2 Cvitan,O (2535)-Damaso,R (2420)/Yerevan 1996}) 15. Bxf4 Be6 16. Kh1 Nd7
17. Nd5 Bxd5 18. Qxd5 Bf8 (18... Qxc2 19. Qxb7 Ne5 $14) 19. c3 $16 Re6 {
Diagrama #} 20. Bg5 $6 (20. Rae1) (20. Bg3) 20... Re5 $11 21. Qd2 Nc5 22. Bf4
Nb3 23. Qd1 Nxa1 24. Bxe5 dxe5 25. Qxa1 Rd8 26. Qa2 Rd2 1/2-1/2